Sun Tzu estrategias para ventas. Como usar el arte de la guerra para construir relaciones duraderas con los clientes

Bibliographic Details
Main Author: Michaelson, Gerald A.
Format: Section = Libro
Language:Undetermined
Spanish
Published: México McGraw-Hill 2005
Subjects:
LEADER 00734nam a2200217Ia 4500
008 240829s9999 xx 000 0 und d
020 |a 970-10-4718-4 
040 |a BIBLIOTECA-RUPAP 658.81 M621 
041 |a spa 
082 |a 658.81 M621 
100 1 |a Michaelson, Gerald A.  
245 1 0 |a Sun Tzu estrategias para ventas. Como usar el arte de la guerra para construir relaciones duraderas con los clientes 
260 |a México  |b McGraw-Hill  |c 2005 
300 |a 221 p. :il. 
650 7 |a ADMINISTRACION DE VENTAS - CLIENTES 
650 7 |b  ESTRATEGIAS DE VENTAS 
650 7 |c  RELACIONES CON CLIENTES - VENTAS 
650 7 |d  EXPERIENCIA - VENTAS. I. Michael, Steven M, coaut. II. Tít. 
942 |c BK  |2 ddc 
991 |a TEXTO 
999 |c 10202